| 000 | 004720000a22001810004500 | ||
|---|---|---|---|
| 041 | 0 | _aENG | |
| 082 | 0 | 4 | _aG 266.38 P3613n |
| 100 | 1 | _aPearson, B. H. | |
| 245 | 1 | 0 | _aNext! Our sunday school quest in South America / B. H. Pearson |
| 250 | _a2 | ||
| 260 | _aWinona Lake, IN., USA : Light and Life | ||
| 300 | _a94 Pag | ||
| 001 | 7712 | ||
| 942 | _cBK | ||
| 999 |
_c37917 _d37917 |
||
| 336 |
_atexto _btxt _2rdacontent |
||
| 337 |
_2rdamedia _asin mediación _bn |
||
| 338 |
_2rdacarrier _avolumen _bnc |
||